000 00736cam a22002411 4500
999 _c120418
_d120418
001 9346931
003 ARRUPE
005 20180118120909.0
008 790511s1957 xxka 001 0aeng
010 _a 57059370
035 _a(OCoLC)4954311
040 _aDLC
_cOAdN
_dDLC
050 0 0 _aSPC DT731.L8
_bS4 1957
082 0 0 _a916.704/23/092
_aB
100 1 _aSeaver, George,
_d1890-
_99914
245 0 0 _aDavid Livingstone: his life and letters.
_cGeorge Seaver
260 _aLondon,
_bLutterworth Press
_c[1957]
300 _a650 p.
_bports., maps (part fold.)
_c23 cm.
504 _aBibliography: p. 634-635.
600 1 0 _aLivingstone, David,
_d1813-1873.
_99915
906 _a7
_bcbc
_coclcrpl
_du
_encip
_f19
_gy-gencatlg
942 _2lcc
_cMONOGRAPH